Statistics for Countries of the World by closest non-bordering country

Click here to take the quiz!

General Stats

  • This quiz has been taken 31 times
  • The average score is 123 of 196

Answers on the Map

Answers color-coded by a green-red scale on the quiz's map according to % correct below.
 

Answer Stats

Country% Correct
United States
92%
China
84%
Denmark
84%
Russia
84%
Canada
80%
Cuba
80%
Australia
76%
Brazil
76%
Morocco
76%
United Kingdom
76%
Chad
72%
India
72%
Indonesia
72%
Italy
72%
Nepal
72%
Saudi Arabia
72%
Uruguay
72%
Finland
68%
France
68%
Germany
68%
Iran
68%
Kazakhstan
68%
Yemen
68%
Algeria
64%
Bahamas
64%
Bahrain
64%
Djibouti
64%
Estonia
64%
Japan
64%
Jordan
64%
Kuwait
64%
Lesotho
64%
Luxembourg
64%
Malaysia
64%
Mongolia
64%
Papua New Guinea
64%
Paraguay
64%
Poland
64%
Qatar
64%
Romania
64%
Turkey
64%
Venezeula
64%
Venezuela
64%
Afghanistan
60%
Angola
60%
Bosnia and
Herzegovina
60%
Bosnia and Herzegovina
60%
Bulgaria
60%
Colombia
60%
Cyprus
60%
Egypt
60%
El Salvador
60%
Gabon
60%
Ghana
60%
Greece
60%
Grenada
60%
Honduras
60%
Hungary
60%
Liechtenstein
60%
Mali
60%
Mauritius
60%
Myanmar
60%
Namibia
60%
Netherlands
60%
Saint Vincent and the
Grenadines
60%
Senegal
60%
Slovakia
60%
Slovenia
60%
Spain
60%
Sri Lanka
60%
Sweden
60%
Vietnam
60%
Bangladesh
56%
Belize
56%
Costa Rica
56%
Croatia
56%
eSwatini
56%
Fiji
56%
Gambia
56%
Guinea-Bissau
56%
Ivory Coast
56%
Kenya
56%
Kosovo
56%
Micronesia
56%
Montenegro
56%
New Zealand
56%
Nicaragua
56%
Nigeria
56%
North Macedonia
56%
Saint Lucia
56%
Serbia
56%
Sierra Leone
56%
Singapore
56%
Thailand
56%
Zambia
56%
Zimbabwe
56%
Albania
52%
Azerbaijan
52%
Benin
52%
Botswana
52%
Burundi
52%
Comoros
52%
Equatorial Guinea
52%
Kiribati
52%
Monaco
52%
Nauru
52%
South Sudan
52%
Trinidad and Tobago
52%
Turkmenistan
52%
Uganda
52%
Cameroon
48%
Kyrgyzstan
48%
Marshall Islands
48%
Pakistan
48%
Saint Kitts and Nevis
48%
San marino
48%
Tajikistan
48%

Score Distribution

Percentile by Number Answered

Percent of People with Each Score

Your Score History

You have not taken this quiz